[Event "23rd Hogeschool Zeeland Open 2019"]
[Site "Vlissingen"]
[Date "2019.08.04"]
[Round "2.14"]
[White "Tibke, Jonas"]
[Black "Grooten, Herman"]
[Result "1-0"]
[WhiteElo "1937"]
[BlackElo "2310"]
[Annotator "NA"]
[PlyCount "82"]
[EventDate "2019.08.03"]
[EventType "swiss"]
[EventCountry "NED"]
[SourceTitle "playchess.com"]
[Source "ChessBase"]
[SourceQuality "1"]
[TimeControl "40/5400+30:1800+30"]

1. e4 {[%emt 0:00:00]} c5 {[%emt 0:00:00]} 2. c3 {[%emt 0:00:00]} Nf6 {[%emt 0:00:00]} 3. e5 {[%emt 0:00:00]} Nd5 {[%emt 0:00:00]} 4. d4 {[%emt 0:00:00]} cxd4 {[%emt 0:00:02]} 5. cxd4 {[%emt 0:00:03]} d6 {[%emt 0:00:17]} 6. Nf3 {[%emt 0:00:52]} Nc6 {[%emt 0:00:18]} 7. Bc4 {[%emt 0:03:32]} e6 {[%emt 0:00:15]} 8. O-O {[%emt 0:00:36]} Be7 {[%emt 0:00:28]} 9. Nbd2 {[%emt 0:05:51]} Nb6 {[%emt 0:07:02]} 10. Bb3 {[%emt 0:00:44]} dxe5 {[%emt 0:02:30]} 11. dxe5 {[%emt 0:00:22]} Nb4 {[%emt 0:04:09]} 12. a3 {[%emt 0:04:14]} N4d5 {[%emt 0:03:08]} 13. Ne4 {[%emt 0:00:49]} h6 {[%emt 0:00:44]} 14. Qd3 {[%emt 0:03:58]} Bd7 {[%emt 0:00:47]} 15. Be3 {[%emt 0:06:36]} Bc6 {[%emt 0:01:46]} 16. Rfd1 {[%emt 0:05:03]} Nxe3 {[%emt 0:05:49]} 17. Qxe3 {[%emt 0:03:46]} Nd5 {[%emt 0:01:32]} 18. Qd3 {[%emt 0:07:25]} Qa5 {[%emt 0:01:50]} 19. Nd4 {[%emt 0:03:31]} O-O {[%emt 0:06:17]} 20. Bc2 {[%emt 0:06:51]} Rfd8 {[%emt 0:04:41]} 21. Nd6 {[%emt 0:08:32]} Bxd6 {[%emt 0:06:43]} 22. Qh7+ {[%emt 0:00:06]} Kf8 {[%emt 0:00:07]} 23. exd6 {[%emt 0:01:08]} Rxd6 {[%emt 0:07:48]} 24. Qh8+ {[%emt 0:01:03]} Ke7 {[%emt 0:00:04]} 25. Qxa8 {[%emt 0:00:18]} Qb6 {[%emt 0:15:37]} 26. Qh8 {[%emt 0:03:33]} Nf4 {[%emt 0:01:05]} 27. Nxc6+ {[%emt 0:10:35]} Qxc6 {[%emt 0:01:17]} 28. Qxg7 {[%emt 0:00:09]} Qxc2 {[%emt 0:00:53]} 29. Rxd6 {[%emt 0:00:53]} Kxd6 {[%emt 0:00:10]} 30. Qd4+ {[%emt 0:00:33]} Nd5 {[%emt 0:00:08]} 31. b4 {[%emt 0:01:48]} b6 {[%emt 0:00:44]} 32. Rd1 {[%emt 0:00:49]} Kc6 {[%emt 0:00:48]} 33. g3 {[%emt 0:01:59]} Kb5 {[%emt 0:02:51]} 34. h3 {[%emt 0:02:37]} Ka4 {[%emt 0:02:05]} 35. Rd3 {[%emt 0:00:49]} f5 {[%emt 0:04:34]} 36. Rf3 {[%emt 0:04:41]} a6 {[%emt 0:02:35]} 37. Qg7 {[%emt 0:01:40]} Qe4 {[%emt 0:06:20]} 38. Qd7+ {[%emt 0:00:46]} b5 {[%emt 0:00:05]} 39. Kg2 {[%emt 0:00:20]} Qe5 {[%emt 0:07:40]} 40. Qc6 {[%emt 0:01:41]} Nc7 {[%emt 0:00:42]} 41. Qb6 {[%emt 0:30:17]} Qd5 {[%emt 0:36:39]} 1-0

[Event "23rd Hogeschool Zeeland Open 2019"]
[Site "Vlissingen"]
[Date "2019.08.04"]
[Round "2.15"]
[White "Nebolsina, Vera"]
[Black "Hendrix, Joachim"]
[Result "1-0"]
[WhiteElo "2269"]
[BlackElo "1893"]
[Annotator "NA"]
[PlyCount "47"]
[EventDate "2019.08.03"]
[EventType "swiss"]
[EventCountry "NED"]
[SourceTitle "playchess.com"]
[Source "ChessBase"]
[SourceQuality "1"]
[TimeControl "40/5400+30:1800+30"]

1. e4 {[%emt 0:00:01]} g6 {[%emt 0:00:00]} 2. d4 {[%emt 0:00:07]} Bg7 {[%emt 0:00:00]} 3. Nc3 {[%emt 0:00:06]} d6 {[%emt 0:00:00]} 4. h4 {[%emt 0:00:10]} h5 {[%emt 0:05:03]} 5. Be3 {[%emt 0:02:48]} a6 {[%emt 0:04:24]} 6. Nf3 {[%emt 0:02:08]} b5 {[%emt 0:03:13]} 7. Ng5 {[%emt 0:07:27]} Nh6 {[%emt 0:08:23]} 8. a4 {[%emt 0:05:06]} b4 {[%emt 0:01:42]} 9. Nd5 {[%emt 0:00:07]} a5 {[%emt 0:12:30]} 10. c3 {[%emt 0:01:15]} e6 {[%emt 0:04:23]} 11. Nf4 {[%emt 0:00:32]} bxc3 {[%emt 0:07:38]} 12. bxc3 {[%emt 0:00:06]} O-O {[%emt 0:00:35]} 13. Bc4 {[%emt 0:04:16]} Qe8 {[%emt 0:08:07]} 14. O-O {[%emt 0:05:46]} Ba6 {[%emt 0:09:22]} 15. Qe2 {[%emt 0:01:10]} Qc6 {[%emt 0:03:16]} 16. Bb5 {[%emt 0:01:00]} Qb7 {[%emt 0:03:22]} 17. Rab1 {[%emt 0:01:49]} Qc8 {[%emt 0:03:38]} 18. Ngxe6 {[%emt 0:07:39]} fxe6 {[%emt 0:04:29]} 19. Nxg6 {[%emt 0:00:35]} Bxb5 {[%emt 0:04:01]} 20. Rxb5 {[%emt 0:04:29]} Qe8 {[%emt 0:03:48]} 21. Nxf8 {[%emt 0:00:44]} Bxf8 {[%emt 0:01:05]} 22. Rxh5 {[%emt 0:01:02]} Kh7 {[%emt 0:00:58]} 23. g4 {[%emt 0:01:16]} Qg6 {[%emt 0:02:29]} 24. Bxh6 {[%emt 0:00:13]} 1-0

[Event "23rd Hogeschool Zeeland Open 2019"]
[Site "Vlissingen"]
[Date "2019.08.04"]
[Round "2.16"]
[White "Oostvogels, Niek"]
[Black "Klepke, Ricardo"]
[Result "0-1"]
[WhiteElo "1929"]
[BlackElo "2267"]
[Annotator "NA"]
[PlyCount "66"]
[EventDate "2019.08.03"]
[EventType "swiss"]
[EventCountry "NED"]
[SourceTitle "playchess.com"]
[Source "ChessBase"]
[SourceQuality "1"]
[TimeControl "40/5400+30:1800+30"]

1. e4 {[%emt 0:00:00]} c5 {[%emt 0:01:28]} 2. Nf3 {[%emt 0:00:09]} d6 {[%emt 0:00:09]} 3. g3 {[%emt 0:00:18]} g6 {[%emt 0:03:48]} 4. Bg2 {[%emt 0:00:07]} Bg7 {[%emt 0:00:11]} 5. O-O {[%emt 0:00:22]} Nc6 {[%emt 0:00:51]} 6. c3 {[%emt 0:00:24]} e5 {[%emt 0:00:25]} 7. d3 {[%emt 0:00:31]} Nf6 {[%emt 0:02:29]} 8. a3 {[%emt 0:03:34]} a5 {[%emt 0:01:59]} 9. a4 {[%emt 0:00:31]} O-O {[%emt 0:01:34]} 10. Na3 {[%emt 0:01:42]} h6 {[%emt 0:02:41]} 11. Bd2 {[%emt 0:09:40]} Be6 {[%emt 0:01:29]} 12. Qc1 {[%emt 0:10:17]} Kh7 {[%emt 0:00:23]} 13. Nc2 {[%emt 0:00:14]} c4 {[%emt 0:10:58]} 14. Ne3 {[%emt 0:07:32]} cxd3 {[%emt 0:05:14]} 15. Ne1 {[%emt 0:03:55]} d5 {[%emt 0:01:22]} 16. Nxd3 {[%emt 0:02:42]} d4 {[%emt 0:06:12]} 17. Nd1 {[%emt 0:11:41]} Bc4 {[%emt 0:00:52]} 18. Nxe5 {[%emt 0:09:51]} Nxe5 {[%emt 0:09:39]} 19. cxd4 {[%emt 0:01:15]} Bxf1 {[%emt 0:04:53]} 20. dxe5 {[%emt 0:00:12]} Bxg2 {[%emt 0:01:43]} 21. exf6 {[%emt 0:00:10]} Qxf6 {[%emt 0:00:28]} 22. Kxg2 {[%emt 0:00:28]} Rfe8 {[%emt 0:04:17]} 23. Nc3 {[%emt 0:04:58]} Qc6 {[%emt 0:00:24]} 24. f3 {[%emt 0:02:06]} Qc4 {[%emt 0:02:45]} 25. Qe1 {[%emt 0:05:58]} Rad8 {[%emt 0:03:22]} 26. Rd1 {[%emt 0:07:12]} Qb3 {[%emt 0:02:14]} 27. Qf1 {[%emt 0:14:00]} Bxc3 {[%emt 0:04:19]} 28. bxc3 {[%emt 0:00:10]} Rd7 {[%emt 0:00:56]} 29. Qe1 {[%emt 0:02:29]} Red8 {[%emt 0:01:00]} 30. Kf1 {[%emt 0:00:56]} Qc2 {[%emt 0:00:46]} 31. Ke2 {[%emt 0:00:40]} Qxa4 {[%emt 0:01:02]} 32. Kf2 {[%emt 0:01:12]} Qc2 {[%emt 0:00:13]} 33. Ke2 {[%emt 0:00:10]} a4 {[%emt 0:00:10]} 0-1

[Event "23rd Hogeschool Zeeland Open 2019"]
[Site "Vlissingen"]
[Date "2019.08.04"]
[Round "3.1"]
[White "Klepke, Ricardo"]
[Black "Kamsky, Gata"]
[Result "0-1"]
[WhiteElo "2267"]
[BlackElo "2673"]
[Annotator "TA"]
[PlyCount "40"]
[EventDate "2019.08.03"]
[EventType "swiss"]
[EventCountry "NED"]
[SourceTitle "playchess.com"]
[Source "ChessBase"]
[SourceQuality "1"]

{[%evp 13,88,42,46,27,33,24,26,31,35,7,17,22,9,22,28,41,40,0,0,0,0,0,0,-30,-39,-46,-46,-41,-7,-100,-92,-126,-122,-127,-90,-99,-87,-68,-36,-47,-34,-31,0,0,0,-30,3,3,18,19,35,0,9,-5,-9,-6,-9,-12,-11,-31,-31,-44,-29,-86,-82,-122,0,-133,-139,-137,-130,-131,-130,-142,-55,-142,-135]} 1. d4 Nf6 2. c4 g6 3. f3 Bg7 4. Nc3 d6 5. e4 a6 6. Be3 c6 7. Qd2 b5 8. Rc1 {E80: King's Indian: Sämisch: Lines without early ...0-0} (8. Bh6 Bxh6 9. Qxh6 Be6 10. Nh3 Bxh3 11. Qxh3 Nbd7 12. Qh6 b4 13. Na4 Nb6 14. Nxb6 Qxb6 15. O-O-O O-O-O 16. Be2 c5 17. d5 {½-½ (17) Vitiugov,N (2707)-Jobava,B (2715) Poikovsky 2010}) 8... O-O 9. b3 Nbd7 10. Nh3 {White has an edge.} bxc4 11. bxc4 c5 12. d5 Ne5 $146 {Strongly threatening ...Bxh3.} ({Predecessor:} 12... Rb8 13. Nf2 {½-½ (53) Shemyakin,V (2266)-Novikov,S (2540) Sochi 2018}) 13. Nf2 Rb8 {[%cal Ba8b8,Bb8b4,Bb4c4][%mdl 32]} 14. Be2 Rb4 15. Ncd1 a5 $36 {[%mdl 2048] Black is pushing.} 16. Qc2 Ba6 17. Bd2 Rxc4 18. Bc3 {Threatens to win with f4.} Bh6 $1 19. Rb1 $1 Qa8 20. O-O Rb4 {Played: Rf8-c8} 0-1

[Event "23rd Hogeschool Zeeland Open 2019"]
[Site "Vlissingen"]
[Date "2019.08.04"]
[Round "3.2"]
[White "L'Ami, Erwin"]
[Black "Elgersma, Onno"]
[Result "1-0"]
[WhiteElo "2633"]
[BlackElo "2232"]
[Annotator "TA"]
[PlyCount "83"]
[EventDate "2019.08.03"]
[EventType "swiss"]
[EventCountry "NED"]
[SourceTitle "playchess.com"]
[Source "ChessBase"]
[SourceQuality "1"]

{[%evp 10,83,25,23,31,24,35,-10,37,28,33,28,47,46,52,56,62,56,58,49,87,43,46,29,24,28,29,25,66,35,27,33,49,23,65,67,83,72,95,94,113,116,111,64,62,61,83,72,70,50,71,48,301,293,585,568,550,538,650,637,597,527,848,879,944,907,1256,1200,1200,1108,1080,1073,1000,996,951,940]} 1. e4 c6 2. Nc3 d5 3. Nf3 dxe4 4. Nxe4 Nf6 5. Qe2 Nxe4 6. Qxe4 Qd5 {B11: Caro-Kann: Two Knights Variation} 7. Qf4 Qf5 8. Qe3 (8. d3 {is interesting.} g6 9. c3 Bg7 10. d4 O-O 11. Bc4) 8... Qe6 {The position is equal.} (8... Qxc2 {with more complications.} 9. Bd3 Qa4 10. b3 Qb4 11. O-O Nd7) 9. b3 Qxe3+ 10. fxe3 c5 $146 ({Predecessor:} 10... a5 11. Bb2 f6 12. d4 Bf5 13. Kd2 Na6 14. a3 {1-0 (44) Tari,A (2620)-Salgado Lopez,I (2629) St Petersburg 2018}) 11. Bb2 Nc6 12. O-O-O Bf5 13. Bb5 Rc8 14. Rhf1 f6 15. Rde1 Bg6 16. e4 e5 17. g4 a6 18. Bc4 Nd4 19. Nh4 b5 20. Bd5 Rc7 21. Rf2 Kd8 22. Ref1 $36 {[%mdl 2048] Black is under pressure.} Be7 23. d3 Be8 24. c3 Nc6 25. Nf5 Bf8 26. Ne3 h6 27. h4 Be7 28. h5 Bf8 29. Be6 Ne7 30. c4 {Bxe5! is the strong threat.} b4 $2 {[%mdl 8192] [#]} (30... Nc6 $14) 31. Bxe5 $1 $18 {[%mdl 512]} fxe5 $2 (31... Nc6 {was necessary.}) 32. Rxf8 {White is clearly winning.} Rxf8 33. Rxf8 Nc6 34. Nd5 Rb7 35. Rg8 Nd4 36. Bf5 Nxf5 37. exf5 {KRB-KRN} Rf7 38. Kd2 a5 39. Ke3 a4 40. bxa4 Ra7 41. f6 gxf6 42. Nxf6 {Accuracy: White = 51%, Black = 35%.} 1-0

[Event "23rd Hogeschool Zeeland Open 2019"]
[Site "Vlissingen"]
[Date "2019.08.04"]
[Round "3.3"]
[White "Wunnink, Michael"]
[Black "Van Wely, Loek"]
[Result "0-1"]
[WhiteElo "2214"]
[BlackElo "2616"]
[Annotator "ChessBase"]
[PlyCount "80"]
[EventDate "2019.08.03"]
[EventType "swiss"]
[EventCountry "NED"]
[SourceTitle "playchess.com"]
[Source "ChessBase"]
[SourceQuality "1"]
[TimeControl "40/5400+30:1800+30"]

1. d4 {[%emt 0:00:00]} Nf6 {[%emt 0:00:10]} 2. c4 {[%emt 0:00:00]} g6 {[%emt 0:00:08]} 3. Nc3 {[%emt 0:00:00]} d5 {[%emt 0:00:07]} 4. cxd5 {[%emt 0:01:04]} Nxd5 {[%emt 0:00:26]} 5. e4 {[%emt 0:00:08]} Nxc3 {[%emt 0:00:08]} 6. bxc3 {[%emt 0:00:04]} Bg7 {[%emt 0:00:07]} 7. Be3 {[%emt 0:00:36]} c5 {[%emt 0:01:45]} 8. Rc1 {[%emt 0:00:30]} Qa5 {[%emt 0:03:40]} 9. Qd2 {[%emt 0:00:25]} cxd4 {[%emt 0:00:54]} 10. cxd4 {[%emt 0:00:07]} Qxd2+ {[%emt 0:00:22]} 11. Bxd2 {[%emt 0:02:56]} O-O {[%emt 0:02:09]} 12. Nf3 {[%emt 0:15:12]} Bg4 {[%emt 0:08:57]} 13. d5 {[%emt 0:04:53]} Nd7 {[%emt 0:05:52]} 14. Bd3 {[%emt 0:20:33]} e6 {[%emt 0:03:21]} 15. d6 {[%emt 0:11:33]} Rfd8 {[%emt 0:12:05]} 16. Bb4 {[%emt 0:08:14]} Bxf3 {[%emt 0:04:25]} 17. gxf3 {[%emt 0:00:08]} Ne5 {[%emt 0:02:24]} 18. Be2 {[%emt 0:00:55]} Nc6 {[%emt 0:05:09]} 19. Ba3 {[%emt 0:02:18]} Be5 {[%emt 0:06:56]} 20. Rd1 {[%emt 0:12:09]} Nd4 {[%emt 0:02:52]} 21. f4 {[%emt 0:03:09]} Bxd6 {[%emt 0:01:29]} 22. Rxd4 {[%emt 0:01:14]} Bxa3 {[%emt 0:00:08]} 23. Rd3 {[%emt 0:03:53]} Rac8 {[%emt 0:06:14]} 24. O-O {[%emt 0:01:12]} Rxd3 {[%emt 0:03:02]} 25. Bxd3 {[%emt 0:00:09]} f5 {[%emt 0:04:07]} 26. Kg2 {[%emt 0:01:38]} Kf7 {[%emt 0:05:55]} 27. Rb1 {[%emt 0:01:32]} Rc7 {[%emt 0:03:10]} 28. Rb3 {[%emt 0:02:31]} Bc1 {[%emt 0:01:08]} 29. Kf3 {[%emt 0:01:34]} Ke7 {[%emt 0:00:18]} 30. h3 {[%emt 0:01:57]} b6 {[%emt 0:02:04]} 31. Bb1 {[%emt 0:02:45]} Rc4 {[%emt 0:01:55]} 32. Bd3 {[%emt 0:01:06]} Rd4 {[%emt 0:02:13]} 33. Rc3 {[%emt 0:00:38]} Bd2 {[%emt 0:01:31]} 34. Rb3 {[%emt 0:01:06]} Kd6 {[%emt 0:04:34]} 35. Bb1 {[%emt 0:00:34]} Kc5 {[%emt 0:00:19]} 36. Bd3 {[%emt 0:00:15]} a5 {[%emt 0:00:34]} 37. Rb5+ {[%emt 0:00:49]} Kc6 {[%emt 0:00:10]} 38. Rb3 {[%emt 0:00:12]} a4 {[%emt 0:00:25]} 39. Ra3 {[%emt 0:00:56]} Bb4 {[%emt 0:03:01]} 40. Ke3 {[%emt 0:00:31]} Kc5 {[%emt 0:00:30]} 0-1

[Event "23rd Hogeschool Zeeland Open 2019"]
[Site "Vlissingen"]
[Date "2019.08.04"]
[Round "3.4"]
[White "Ortiz Suarez, Isan Reynaldo"]
[Black "Mesman, Edwyn"]
[Result "1-0"]
[WhiteElo "2551"]
[BlackElo "2204"]
[Annotator "TA"]
[PlyCount "49"]
[EventDate "2019.08.03"]
[EventType "swiss"]
[EventCountry "NED"]
[SourceTitle "playchess.com"]
[Source "ChessBase"]
[SourceQuality "1"]

{[%evp 12,49,28,14,27,13,111,68,62,16,21,10,25,0,0,0,7,0,6,0,8,10,93,85,116,98,101,89,102,102,343,355,338,345,420,239,393,397,500,497]} 1. e4 c6 2. d4 d5 3. e5 Bf5 4. Nf3 e6 5. Be2 Ne7 6. O-O c5 7. dxc5 Nec6 {B12: Caro-Kann: Advance Variation} 8. Be3 {White wants to play c4.} Bg4 (8... Nd7 $11) (8... Nd7 9. c4 Bxc5 10. cxd5 exd5 11. Bxc5 Nxc5 12. Nc3 d4 13. Nb5 d3 14. Nd6+ Kf8 15. Nxf5 dxe2 16. Qxe2 {0-1 (26) Van Foreest,J (2614)-Navara,D (2736) Skopje 2018}) 9. Nbd2 Nd7 {White is slightly better.} 10. c4 {Hoping for cxd5.} (10. b4 $5) 10... Bxc5 $146 ({Predecessor:} 10... Nxc5 11. cxd5 Qxd5 12. Rc1 Bf5 13. Rxc5 Bxc5 14. Bc4 O-O-O 15. Bxd5 Rxd5 16. Bxc5 Rxc5 {1-0 (31) Kutsyj,A (2305)-Hamitevici,V (2417) Donetsk 2010}) 11. cxd5 exd5 12. Bf4 O-O 13. h3 $36 {[%mdl 2048] White is pushing.} Bh5 14. Nb3 Bb6 15. Re1 Re8 16. Qxd5 Qe7 (16... Bxf3 $11 {keeps the balance.} 17. Bxf3 Ndxe5) 17. Nfd4 $16 Nb4 18. Qxb7 Bxe2 19. Rxe2 {Black must now prevent Qf3.} ({But not} 19. Nxe2 $6 Nd3 $11) 19... Nd3 20. Bg3 N3xe5 $2 (20... N7xe5 $16 21. Qxe7 Rxe7) 21. Rae1 $18 f6 22. f4 Qd6 {[#] ...Rab8 is the strong threat.} 23. Bf2 (23. fxe5 $142 Nxe5 24. Kh2) 23... Reb8 $2 (23... Rab8 24. Qa6 (24. fxe5 Qxd4 25. Qf3 Qc4 $16) 24... Rec8 25. fxe5 fxe5) 24. fxe5 fxe5 25. Nf5 {Accuracy: White = 58%, Black = 33%.} 1-0

[Event "23rd Hogeschool Zeeland Open 2019"]
[Site "Vlissingen"]
[Date "2019.08.04"]
[Round "3.5"]
[White "Bezemer, Arno"]
[Black "Werle, Jan"]
[Result "0-1"]
[WhiteElo "2245"]
[BlackElo "2555"]
[Annotator "ChessBase"]
[PlyCount "80"]
[EventDate "2019.08.03"]
[EventType "swiss"]
[EventCountry "NED"]
[SourceTitle "playchess.com"]
[Source "ChessBase"]
[SourceQuality "1"]
[TimeControl "40/5400+30:1800+30"]

1. e4 {[%emt 0:00:00]} e6 {[%emt 0:00:00]} 2. d4 {[%emt 0:00:00]} d5 {[%emt 0:00:00]} 3. Nd2 {[%emt 0:00:00]} Be7 {[%emt 0:00:00]} 4. Ngf3 {[%emt 0:00:20]} Nf6 {[%emt 0:00:00]} 5. e5 {[%emt 0:00:07]} Nfd7 {[%emt 0:00:02]} 6. Bd3 {[%emt 0:00:19]} c5 {[%emt 0:00:09]} 7. c3 {[%emt 0:00:06]} Nc6 {[%emt 0:00:30]} 8. O-O {[%emt 0:00:15]} g5 {[%emt 0:00:08]} 9. dxc5 {[%emt 0:01:35]} g4 {[%emt 0:01:35]} 10. Nd4 {[%emt 0:01:02]} Ndxe5 {[%emt 0:00:15]} 11. Bb5 {[%emt 0:03:52]} Bd7 {[%emt 0:03:38]} 12. b4 {[%emt 0:07:11]} h5 {[%emt 0:11:09]} 13. f4 {[%emt 0:01:42]} Nxd4 {[%emt 0:03:48]} 14. Bxd7+ {[%emt 0:00:24]} Qxd7 {[%emt 0:02:09]} 15. cxd4 {[%emt 0:01:02]} Ng6 {[%emt 0:08:11]} 16. Nb3 {[%emt 0:10:56]} Nh4 {[%emt 0:03:46]} 17. Qd3 {[%emt 0:05:18]} Qa4 {[%emt 0:05:17]} 18. Bd2 {[%emt 0:17:10]} Nf5 {[%emt 0:00:55]} 19. Rfe1 {[%emt 0:00:50]} Kf8 {[%emt 0:05:39]} 20. Bc3 {[%emt 0:06:49]} Bf6 {[%emt 0:06:53]} 21. Nd2 {[%emt 0:03:47]} Kg7 {[%emt 0:10:49]} 22. Nf1 {[%emt 0:02:36]} a5 {[%emt 0:01:55]} 23. a3 {[%emt 0:01:59]} axb4 {[%emt 0:01:01]} 24. axb4 {[%emt 0:00:05]} Qb3 {[%emt 0:01:13]} 25. Kh1 {[%emt 0:06:56]} Qc4 {[%emt 0:02:58]} 26. Qxc4 {[%emt 0:03:08]} dxc4 {[%emt 0:00:03]} 27. Ne3 {[%emt 0:05:19]} Nxe3 {[%emt 0:16:17]} 28. Rxe3 {[%emt 0:00:58]} Rxa1+ {[%emt 0:00:09]} 29. Bxa1 {[%emt 0:00:06]} Ra8 {[%emt 0:00:02]} 30. Re1 {[%emt 0:12:44]} Ra3 {[%emt 0:02:47]} 31. b5 {[%emt 0:05:01]} Rb3 {[%emt 0:02:41]} 32. c6 {[%emt 0:01:49]} bxc6 {[%emt 0:00:50]} 33. bxc6 {[%emt 0:00:07]} Rb6 {[%emt 0:00:42]} 34. f5 {[%emt 0:02:09]} Rxc6 {[%emt 0:00:51]} 35. fxe6 {[%emt 0:00:11]} fxe6 {[%emt 0:00:26]} 36. Bc3 {[%emt 0:00:34]} Ra6 {[%emt 0:01:23]} 37. Kg1 {[%emt 0:00:39]} Ra3 {[%emt 0:00:17]} 38. Bd2 {[%emt 0:01:21]} Bxd4+ {[%emt 0:00:14]} 39. Kf1 {[%emt 0:00:02]} e5 {[%emt 0:00:56]} 40. Rb1 {[%emt 0:00:51]} Kg6 {[%emt 0:00:56]} 0-1

[Event "23rd Hogeschool Zeeland Open 2019"]
[Site "Vlissingen"]
[Date "2019.08.04"]
[Round "3.6"]
[White "Ikonnikov, Vyacheslav"]
[Black "Stange, Sven"]
[Result "1-0"]
[WhiteElo "2499"]
[BlackElo "2167"]
[Annotator "ChessBase"]
[PlyCount "79"]
[EventDate "2019.08.03"]
[EventType "swiss"]
[EventCountry "NED"]
[SourceTitle "playchess.com"]
[Source "ChessBase"]
[SourceQuality "1"]
[TimeControl "40/5400+30:1800+30"]

1. d4 {[%emt 0:00:00]} Nf6 {[%emt 0:00:00]} 2. Nf3 {[%emt 0:00:00]} e6 {[%emt 0:00:00]} 3. c4 {[%emt 0:00:02]} b6 {[%emt 0:00:07]} 4. g3 {[%emt 0:00:52]} Ba6 {[%emt 0:00:21]} 5. b3 {[%emt 0:00:32]} Bb4+ {[%emt 0:00:10]} 6. Bd2 {[%emt 0:00:13]} Be7 {[%emt 0:00:07]} 7. Bg2 {[%emt 0:00:24]} c6 {[%emt 0:01:13]} 8. O-O {[%emt 0:00:44]} d5 {[%emt 0:01:54]} 9. Qc2 {[%emt 0:00:06]} O-O {[%emt 0:02:02]} 10. Rd1 {[%emt 0:00:40]} Nbd7 {[%emt 0:08:41]} 11. a4 {[%emt 0:00:12]} Ne4 {[%emt 0:04:58]} 12. Be1 {[%emt 0:00:28]} Qc7 {[%emt 1:16:27]} 13. cxd5 {[%emt 0:08:01]} exd5 {[%emt 0:00:00]} 14. Nc3 {[%emt 0:00:16]} Nxc3 {[%emt 0:00:00]} 15. Bxc3 {[%emt 0:00:07]} Bf6 {[%emt 0:00:00]} 16. Rac1 {[%emt 0:03:48]} Rfe8 {[%emt 0:00:00]} 17. e3 {[%emt 0:00:14]} Bb7 {[%emt 0:00:00]} 18. b4 {[%emt 0:01:09]} Rac8 {[%emt 0:00:00]} 19. Bh3 {[%emt 0:01:06]} Rcd8 {[%emt 0:00:00]} 20. Ne1 {[%emt 0:04:12]} Ba6 {[%emt 0:00:00]} 21. b5 {[%emt 0:00:54]} cxb5 {[%emt 0:00:00]} 22. Bf1 {[%emt 0:00:13]} b4 {[%emt 0:00:00]} 23. Bxa6 {[%emt 0:03:46]} bxc3 {[%emt 0:00:00]} 24. Qb3 {[%emt 0:00:16]} Nb8 {[%emt 0:00:00]} 25. Rxc3 {[%emt 0:00:59]} Nxa6 {[%emt 0:00:00]} 26. Rxc7 {[%emt 0:00:38]} Nxc7 {[%emt 0:00:00]} 27. Rc1 {[%emt 0:01:52]} Re7 {[%emt 0:00:00]} 28. Nd3 {[%emt 0:01:26]} Rdd7 {[%emt 0:00:00]} 29. Rc3 {[%emt 0:08:26]} g6 {[%emt 0:00:00]} 30. Nb4 {[%emt 0:00:37]} Re8 {[%emt 0:00:00]} 31. Qc2 {[%emt 0:00:57]} Bd8 {[%emt 0:00:00]} 32. Nc6 {[%emt 0:02:45]} Ne6 {[%emt 0:00:00]} 33. Ne5 {[%emt 0:00:13]} Rc7 {[%emt 0:00:00]} 34. Rxc7 {[%emt 0:00:21]} Bxc7 {[%emt 0:00:00]} 35. Qc6 {[%emt 0:03:14]} Rd8 {[%emt 0:00:00]} 36. Nd7 {[%emt 0:01:06]} Kg7 {[%emt 0:00:00]} 37. e4 {[%emt 0:00:17]} Bb8 {[%emt 0:00:00]} 38. Nxb8 {[%emt 0:00:28]} Rxb8 {[%emt 0:00:00]} 39. exd5 {[%emt 0:00:30]} Nxd4 {[%emt 0:00:00]} 40. Qc3 {[%emt 0:00:12]} 1-0

[Event "23rd Hogeschool Zeeland Open 2019"]
[Site "Vlissingen"]
[Date "2019.08.04"]
[Round "3.7"]
[White "Stillger, Bernhard"]
[Black "Harika, Dronavalli"]
[Result "0-1"]
[WhiteElo "2199"]
[BlackElo "2492"]
[Annotator "TA"]
[PlyCount "112"]
[EventDate "2019.08.03"]
[EventType "swiss"]
[EventCountry "NED"]
[SourceTitle "playchess.com"]
[Source "ChessBase"]
[SourceQuality "1"]

{[%evp 9,112,5,0,2,30,35,22,31,26,22,20,18,27,9,11,5,11,0,14,0,22,17,16,8,15,0,49,36,24,26,52,49,56,48,56,0,0,0,15,0,31,0,15,-5,-6,-53,-50,-150,-157,-163,-13,-165,-165,-154,-154,-167,-166,-159,-156,-199,-183,-189,-156,-163,-155,-166,-157,-169,-158,-249,-190,-237,-252,-253,-258,-290,-208,-343,-300,-327,-320,-458,-445,-487,-460,-647,-631,-1115,-1106,-1343,-1297,-1459,-1524,-2393,-2155,-5599,-5957,-6313,-6466,-4939,-4686,-29987,-29987,-29987,-29988]} 1. d4 e6 2. c4 d5 3. Nf3 Nf6 4. g3 Bb4+ 5. Bd2 Be7 6. Bg2 {E11: Bogo-Indian} Ne4 (6... O-O 7. O-O c6 8. Qc2 Nbd7 9. Bf4 b6 10. Rd1 Ba6 11. cxd5 cxd5 12. Ne5 Nxe5 13. dxe5 Ng4 14. h3 g5 15. Bxg5 Nxe5 16. Bxe7 Qxe7 17. e4 dxe4 18. Qxe4 {½-½ (32) Yu,Y (2751)-Ding,L (2809) Shenzhen 2019}) 7. O-O c6 8. Qc2 {The position is equal.} Nd7 {[%cal Bb8d7,Bd7b6,Bb6d5][%mdl 32]} 9. Nc3 Nxd2 10. Nxd2 O-O 11. e4 {[%cal Re4d5]} dxe4 12. Ndxe4 Nb6 $146 ({Predecessor:} 12... f5 13. Nd2 e5 14. dxe5 Nxe5 15. Rfe1 Qc7 {½-½ (31) Predojevic,B (2642)-Nisipeanu,L (2687) Baku 2016}) 13. c5 Nd5 14. a3 Qc7 15. Rfe1 Rd8 16. h4 h6 17. Rad1 Bd7 18. Nb1 {[%cal Bc3b1,Bb1d2,Bd2c4,Bc4e5][%mdl 32]} Be8 19. Nbd2 Nf6 20. Nc4 b5 {...Nxe4 is the strong threat.} 21. Ne5 a5 22. a4 (22. Qe2 $14) 22... Rab8 $11 23. Nc3 bxa4 24. Nxa4 Nd5 25. Nc4 Rb4 26. Nab6 Bf6 27. b3 Qb8 {[%cal Rd5b6]} 28. Bxd5 (28. Re4 $1 $15) 28... cxd5 $17 29. Ne5 Qc7 ({Black should try} 29... Bxe5 $1 $19 30. Rxe5 Rxd4 $1 {[%mdl 576] Remove Defender} 31. Rxd4 Qxe5) 30. Qa2 $2 (30. Qd2 $11) 30... Bxe5 $1 $19 31. Rxe5 {[#]} Rxd4 $1 {[%mdl 576] Remove Defender} 32. Rxd4 {[%cal Rb6d5] Strongly threatening Nxd5.} Qxe5 33. Qd2 Rb8 34. f4 Qf6 35. Qe3 Bb5 36. Qe5 Qxe5 37. fxe5 {[%mdl 4096] Endgame KRB-KRN} Rb7 38. Rd1 Rc7 39. Rc1 (39. Ra1 $17) 39... d4 40. Kf2 {[#]} f6 $1 41. exf6 gxf6 42. Kf3 Bc6+ 43. Kf4 (43. Ke2 $142) 43... Bb7 44. g4 e5+ 45. Kf5 (45. Kg3 {was the only chance.}) 45... e4 46. Kxf6 {intending Ke5.} d3 47. Rd1 (47. Nc4 $142 Rxc5 48. Rb1) 47... Rxc5 48. Nd7 Rc7 49. Ne5 Ba6 50. g5 e3 51. gxh6 d2 52. Rg1+ Kh7 53. Nf3 Be2 54. Ng5+ Kh8 55. Nf7+ {[#]} Rxf7+ $1 {[%mdl 576] Promotion} 56. Kxf7 Bh5+ {Accuracy: White = 43%, Black = 70%.} 0-1